• 首页
  • 本馆介绍
  • 公告通知
  • 最新文献
  • 馆藏检索
  • 电子资源
  • 读者导购
  • 参考咨询
  • 我的图书馆
  • 登录
  • 详细信息显示
  • 放入我的书架
  • 预约/预借图书
  • 作者相关作品
  • 分类相关作品
  • 丛书相关作品
  • 出版社相关作品

书目信息

  • 表格格式
  • 工作单格式
  • 卡片格式
题名:
中国民族舞蹈艺术动作与技巧分析
    
 
作者: 刘静 著
分册:  
出版信息: 长春   吉林大学出版社  2021.1
页数: 121页
开本: 24cm
丛书名:
单 册:
中图分类: J722.22
科图分类:
主题词: 民族舞蹈--舞蹈动作--研究--中国
电子资源:
ISBN: 978-7-5692-6333-6
000 00877nam0 2200229 45
001 012001001250
005 20130911082852.0
010    @a978-7-5692-6333-6@dCNY39.00
100    @a20200711d2020 em y0chiy0110 ea
101 0  @achi
102    @aCN@b220000
105    @aa z 000yy
106    @ar
200 1  @a中国民族舞蹈艺术动作与技巧分析@Azhong guo min zu wu dao yi shu dong zuo yu ji qiao fen xi@f刘静著
210    @a长春@c吉林大学出版社@d2021.1
215    @a121页@c图@d24cm
330    @a本书从中国民族舞蹈的艺术类型入手,探讨了中国民族舞蹈的艺术动作及技巧,寻找其传承的具体路径。全书共分七章,内容包括:中国民族舞蹈概述、中国民族舞蹈技术技巧的基本理论、中国民族舞蹈技术技巧的训练等。
606 0  @a民族舞蹈@x舞蹈动作@x研究@y中国
690    @aJ722.22@v5
701  0 @a刘静@Aliu jing@f(1980~)@4著
801    @aCN@b江苏凤凰@c20211018
905    @b1342773-6@dJ722.22@e305@f4
    
    中国民族舞蹈艺术动作与技巧分析/刘静著.-长春:吉林大学出版社,2021.1
    121页:图;24cm
    
    
    ISBN 978-7-5692-6333-6:CNY39.00
    本书从中国民族舞蹈的艺术类型入手,探讨了中国民族舞蹈的艺术动作及技巧,寻找其传承的具体路径。全书共分七章,内容包括:中国民族舞蹈概述、中国民族舞蹈技术技巧的基本理论、中国民族舞蹈技术技巧的训练等。
●
相关链接 在E读中查询图书 在五车中查询图书 在当当中查询图书 在豆瓣中查询图书


正题名:中国民族舞蹈艺术动作与技巧分析     索取号:J722.22/305         预约/预借

序号 登录号 条形码 馆藏地/架位号 状态 备注
1 1342773   213427736   第一样本阅览室/ [索取号:J722.22/305] 在馆    
2 1342774   213427745   第一借阅区/ [索取号:J722.22/305] 在馆    
3 1342775   213427754   第一借阅区/ [索取号:J722.22/305] 在馆    
4 1342776   213427763   第一借阅区/ [索取号:J722.22/305] 在馆    
唐山师范学院图书馆 欢迎您!
大连网信软件有限公司© 版权所有